00650nam a2200205Ia 4500003000400000005001700004008004100021020001800062040001800080041000800098082001900106100002200125245007200147250001200219260006600231300003000297650002100327650005500348650004100403OSt20251120115659.0210716s2010 xx 000 0 und d a9780070486843 cAIMIT LIBRARY aeng a005.761 bMALE aMallach, Efrem G. aDecision support and data warehouse systems /cBy Efrem G. Mallach. a1st ed. aNew Delhi :bTata McGraw Hill Publishing Company Ltd ,c2010. axix,664 p.;b24.5 cm.cPB aData Warehousing aBuilding and implementing decision support systems aMathematical models and optimization